Kooperace a jejich postavení na českém trhu

Rast počtu kooperácií v Čechách. Obrat významných kooperácií a ich poradie. Zatiaľ sa neobjavuje snaha združiť investičné prostriedky k budovaniu spoločnej predajnej siete alebo skladov. Nevyhnutnosť centrálnej fakturácie. Typy kooperácií. Najdlhšiu históriu majú kooperačné štruktúry v odbore potrav...

ver descrição completa

Na minha lista:
Detalhes bibliográficos
Autor principal: Turnerová, Lenka
Formato: Capítulo de Livro
Idioma:tcheco
Assuntos:
Tags: Adicionar Tag
Sem tags, seja o primeiro a adicionar uma tag!

MARC

LEADER 00000naa$a2200000$$$4500
001 0026806
005 20230113115814.7
041 0 |a cze 
044 |a SK 
245 1 0 |a Kooperace a jejich postavení na českém trhu  |c Lenka Turnerová 
520 |a Rast počtu kooperácií v Čechách. Obrat významných kooperácií a ich poradie. Zatiaľ sa neobjavuje snaha združiť investičné prostriedky k budovaniu spoločnej predajnej siete alebo skladov. Nevyhnutnosť centrálnej fakturácie. Typy kooperácií. Najdlhšiu históriu majú kooperačné štruktúry v odbore potravín. Franchising. 
610 2 0 |a firmy 
610 2 0 |a kooperácia 
610 2 0 |a kooperácia medzipodniková 
610 2 0 |a potravinárstvo 
610 2 0 |a obrat peňažný 
610 2 0 |a franchising 
610 2 0 |a Česko 
100 1 |a Turnerová, Lenka